[Event "Asian Continental-ch Open 2019"]
[Site "XingTai"]
[Date "2019.06.14"]
[Round "8.9"]
[White "Idani, Pouya"]
[Black "Nihal Sarin"]
[Result "1/2-1/2"]
[WhiteElo "2597"]
[BlackElo "2606"]
[Annotator "ChessBase"]
[PlyCount "73"]
[EventDate "2019.06.06"]
[EventType "swiss"]
[EventCountry "CHN"]
[SourceTitle "playchess.com"]
[Source "ChessBase"]
[SourceQuality "1"]
[TimeControl "40/5400+30:1800+30"]

1. e4 {[%emt 0:00:00]} e5 {[%emt 0:00:10]} 2. Nf3 {[%emt 0:00:00]} Nc6 {[%emt 0:00:04]} 3. Bb5 {[%emt 0:00:00]} Nf6 {[%emt 0:00:06]} 4. O-O {[%emt 0:00:00]} Nxe4 {[%emt 0:00:10]} 5. Re1 {[%emt 0:00:00]} Nd6 {[%emt 0:00:05]} 6. Nxe5 {[%emt 0:00:00]} Be7 {[%emt 0:00:06]} 7. Bf1 {[%emt 0:00:07]} Nxe5 {[%emt 0:00:48]} 8. Rxe5 {[%emt 0:00:05]} O-O {[%emt 0:00:12]} 9. d4 {[%emt 0:00:03]} Bf6 {[%emt 0:00:42]} 10. Re1 {[%emt 0:00:13]} Re8 {[%emt 0:00:10]} 11. Rxe8+ {[%emt 0:00:46]} Nxe8 {[%emt 0:00:50]} 12. d5 {[%emt 0:00:04]} d6 {[%emt 0:09:05]} 13. c3 {[%emt 0:01:41]} c6 {[%emt 0:15:51]} 14. Na3 {[%emt 0:00:18]} Nc7 {[%emt 0:09:30]} 15. dxc6 {[%emt 0:01:41]} bxc6 {[%emt 0:00:08]} 16. Be3 {[%emt 0:01:34]} Ne6 {[%emt 0:02:34]} 17. Qd2 {[%emt 0:04:35]} d5 {[%emt 0:01:52]} 18. Rd1 {[%emt 0:01:17]} Bb7 {[%emt 0:05:41]} 19. Nc2 {[%emt 0:17:20]} c5 {[%emt 0:03:07]} 20. b4 {[%emt 0:00:18]} Rc8 {[%emt 0:10:04]} 21. bxc5 {[%emt 0:00:11]} Nxc5 {[%emt 0:12:00]} 22. Bxc5 {[%emt 0:00:06]} Rxc5 {[%emt 0:00:04]} 23. Nd4 {[%emt 0:00:04]} g6 {[%emt 0:05:15]} 24. Re1 {[%emt 0:03:43]} Bc8 {[%emt 0:06:27]} 25. Qe3 {[%emt 0:05:26]} Rc7 {[%emt 0:00:54]} 26. Qf3 {[%emt 0:00:05]} Kg7 {[%emt 0:00:26]} 27. h3 {[%emt 0:03:28]} a6 {[%emt 0:07:38]} 28. Rd1 {[%emt 0:09:54]} Qe7 {[%emt 0:00:24]} 29. Rd3 {[%emt 0:07:36]} Qa3 {[%emt 0:01:19]} 30. Qg3 {[%emt 0:09:18]} Re7 {[%emt 0:01:17]} 31. Qf4 {[%emt 0:02:36]} Be5 {[%emt 0:04:36]} 32. Qd2 {[%emt 0:00:40]} Bf6 {[%emt 0:01:48]} 33. Nc6 {[%emt 0:05:08]} Rc7 {[%emt 0:01:11]} 34. Nd4 {[%emt 0:06:37]} Bxd4 {[%emt 0:01:20]} 35. cxd4 {[%emt 0:03:53]} Qc1 {[%emt 0:00:01]} 36. Qe2 {[%emt 0:01:34]} Qf4 {[%emt 0:00:02]} 37. Rd1 {[%emt 0:08:31]} 1/2-1/2

[Event "Asian Continental-ch Open 2019"]
[Site "XingTai"]
[Date "2019.06.14"]
[Round "8.10"]
[White "Vaibhav, Suri"]
[Black "Sengupta, Deep"]
[Result "1/2-1/2"]
[WhiteElo "2599"]
[BlackElo "2559"]
[Annotator "ChessBase"]
[PlyCount "67"]
[EventDate "2019.06.06"]
[EventType "swiss"]
[EventCountry "CHN"]
[SourceTitle "playchess.com"]
[Source "ChessBase"]
[SourceQuality "1"]
[TimeControl "40/5400+30:1800+30"]

1. e4 {[%emt 1:30:30]} e5 {[%emt 0:00:00]} 2. Nf3 {[%emt 0:00:30]} Nc6 3. Bc4 {[%emt 0:00:00]} Nf6 {[%emt 1:31:30]} 4. d3 {[%emt 0:00:00]} Bc5 {[%emt 0:00:00]} 5. O-O {[%emt 0:00:00]} a6 {[%emt 0:00:00]} 6. c3 {[%emt 0:00:00]} Ba7 {[%emt 0:00:00]} 7. a4 {[%emt 0:00:00]} d6 {[%emt 0:00:00]} 8. Re1 {[%emt 0:00:00]} h6 {[%emt 0:00:00]} 9. Nbd2 {[%emt 0:00:00]} O-O {[%emt 0:00:00]} 10. h3 {[%emt 0:00:00]} Ne7 {[%emt 0:00:00]} 11. Bb3 {[%emt 0:00:00]} Ng6 {[%emt 0:00:00]} 12. d4 {[%emt 0:00:00]} Re8 {[%emt 0:00:00]} 13. Bc2 {[%emt 0:00:00]} Be6 {[%emt 0:00:00]} 14. Nf1 {[%emt 0:00:00]} c6 {[%emt 0:00:00]} 15. Ng3 {[%emt 0:00:00]} Qc7 {[%emt 0:00:00]} 16. Be3 {[%emt 0:00:00]} Rad8 {[%emt 0:00:00]} 17. Qc1 {[%emt 0:00:00]} Bb8 {[%emt 0:00:00]} 18. a5 {[%emt 0:00:00]} Qd7 {[%emt 0:00:00]} 19. Qd2 {[%emt 0:00:00]} d5 {[%emt 0:00:00]} 20. Nxe5 {[%emt 0:00:00]} Nxe5 {[%emt 0:00:00]} 21. dxe5 {[%emt 0:00:00]} dxe4 {[%emt 0:00:00]} 22. Qxd7 {[%emt 0:00:00]} Nxd7 {[%emt 0:00:00]} 23. Nxe4 {[%emt 0:00:00]} Bxe5 {[%emt 0:00:00]} 24. Ra4 {[%emt 0:00:00]} Bd5 {[%emt 0:00:00]} 25. Rd1 {[%emt 0:00:00]} f5 {[%emt 0:00:00]} 26. Nd2 {[%emt 0:00:31]} Rf8 {[%emt 0:00:00]} 27. Nc4 {[%emt 0:02:17]} f4 {[%emt 0:00:00]} 28. Bc1 {[%emt 0:00:42]} Bc7 {[%emt 0:00:00]} 29. Nb6 {[%emt 0:00:23]} Nxb6 {[%emt 0:02:14]} 30. axb6 {[%emt 0:00:02]} Bxb6 {[%emt 0:00:21]} 31. Rb4 {[%emt 0:00:58]} Bc5 {[%emt 0:03:22]} 32. Rxb7 {[%emt 0:00:02]} Rde8 {[%emt 0:00:19]} 33. Bd3 {[%emt 0:04:09]} a5 {[%emt 0:01:50]} 34. c4 {[%emt 0:04:13]} 1/2-1/2

[Event "Asian Continental-ch Open 2019"]
[Site "XingTai"]
[Date "2019.06.14"]
[Round "8.11"]
[White "Aravindh, Chithambaram VR."]
[Black "Sadhwani, Raunak"]
[Result "1-0"]
[WhiteElo "2598"]
[BlackElo "2482"]
[Annotator "ChessBase"]
[PlyCount "71"]
[EventDate "2019.06.06"]
[EventType "swiss"]
[EventCountry "CHN"]
[SourceTitle "playchess.com"]
[Source "ChessBase"]
[SourceQuality "1"]
[TimeControl "40/5400+30:1800+30"]

1. e4 {[%emt 0:00:00]} c6 {[%emt 0:00:00]} 2. d4 {[%emt 0:00:00]} d5 {[%emt 0:00:00]} 3. Bd3 {[%emt 0:00:08]} dxe4 {[%emt 0:02:27]} 4. Bxe4 {[%emt 0:00:05]} Nf6 {[%emt 0:01:01]} 5. Bf3 {[%emt 0:00:07]} Bf5 {[%emt 0:01:51]} 6. g4 {[%emt 0:00:22]} Bg6 {[%emt 0:02:46]} 7. Ne2 {[%emt 0:04:08]} Nbd7 {[%emt 0:03:59]} 8. Nbc3 {[%emt 0:00:22]} e5 {[%emt 0:05:43]} 9. g5 {[%emt 0:02:16]} Nd5 {[%emt 0:03:48]} 10. Ne4 {[%emt 0:05:14]} Be7 {[%emt 0:14:16]} 11. h4 {[%emt 0:00:28]} f5 {[%emt 0:00:57]} 12. N4g3 {[%emt 0:03:23]} O-O {[%emt 0:09:08]} 13. c4 {[%emt 0:13:03]} Nb4 {[%emt 0:10:54]} 14. O-O {[%emt 0:12:28]} f4 {[%emt 0:06:55]} 15. Ne4 {[%emt 0:00:32]} h6 {[%emt 0:05:28]} 16. Qb3 {[%emt 0:12:02]} hxg5 {[%emt 0:09:44]} 17. hxg5 {[%emt 0:00:11]} c5 {[%emt 0:01:56]} 18. Rd1 {[%emt 0:11:03]} exd4 {[%emt 0:04:11]} 19. Nxf4 {[%emt 0:00:59]} Ne5 {[%emt 0:00:32]} 20. Bg2 {[%emt 0:01:36]} d3 {[%emt 0:04:31]} 21. Qc3 {[%emt 0:19:34]} Qd4 {[%emt 0:06:51]} 22. Nxg6 {[%emt 0:03:36]} Nxg6 {[%emt 0:00:08]} 23. Rb1 {[%emt 0:00:19]} Rad8 {[%emt 0:01:56]} 24. Be3 {[%emt 0:00:40]} Qxc3 {[%emt 0:00:52]} 25. bxc3 {[%emt 0:00:20]} Nc2 {[%emt 0:00:03]} 26. Rxb7 {[%emt 0:02:12]} Nxe3 {[%emt 0:00:15]} 27. fxe3 {[%emt 0:00:04]} Rfe8 {[%emt 0:00:15]} 28. Rxa7 {[%emt 0:05:08]} Ne5 {[%emt 0:00:04]} 29. Nf2 {[%emt 0:00:28]} Bxg5 {[%emt 0:02:25]} 30. Bd5+ {[%emt 0:00:05]} Rxd5 {[%emt 0:00:31]} 31. cxd5 {[%emt 0:00:04]} Bxe3 {[%emt 0:00:35]} 32. Kg2 {[%emt 0:00:09]} d2 {[%emt 0:00:46]} 33. d6 {[%emt 0:01:39]} Nc4 {[%emt 0:01:01]} 34. Re7 {[%emt 0:02:23]} Rd8 {[%emt 0:00:39]} 35. d7 {[%emt 0:01:05]} Kf8 {[%emt 0:00:28]} 36. Re4 {[%emt 0:00:09]} 1-0

[Event "Asian Continental-ch Open 2019"]
[Site "XingTai"]
[Date "2019.06.14"]
[Round "8.12"]
[White "Yakubboev, Nodirbek"]
[Black "Chanda, Sandipan"]
[Result "1/2-1/2"]
[WhiteElo "2587"]
[BlackElo "2511"]
[Annotator "ChessBase"]
[PlyCount "74"]
[EventDate "2019.06.06"]
[EventType "swiss"]
[EventCountry "CHN"]
[SourceTitle "playchess.com"]
[Source "ChessBase"]
[SourceQuality "1"]
[TimeControl "40/5400+30:1800+30"]

1. d4 {[%emt 0:00:00]} f5 {[%emt 0:00:00]} 2. c4 {[%emt 0:00:38]} Nf6 {[%emt 0:00:03]} 3. Nc3 {[%emt 0:00:10]} e6 {[%emt 0:00:10]} 4. Nf3 {[%emt 0:00:41]} Bb4 {[%emt 0:00:12]} 5. Bd2 {[%emt 0:04:43]} O-O {[%emt 0:00:21]} 6. g3 {[%emt 0:00:53]} d5 {[%emt 0:00:10]} 7. Qb3 {[%emt 0:02:27]} Be7 {[%emt 0:00:15]} 8. Bg2 {[%emt 0:00:43]} c6 {[%emt 0:00:12]} 9. O-O {[%emt 0:01:41]} Nbd7 {[%emt 0:00:27]} 10. Bf4 {[%emt 0:10:09]} Nb6 {[%emt 0:07:41]} 11. Ne5 {[%emt 0:03:39]} dxc4 {[%emt 0:05:26]} 12. Qd1 {[%emt 0:04:09]} Nfd7 {[%emt 0:13:49]} 13. e4 {[%emt 0:11:34]} Nxe5 {[%emt 0:00:27]} 14. Bxe5 {[%emt 0:00:18]} Bd7 {[%emt 0:04:17]} 15. Qe2 {[%emt 0:07:17]} Be8 {[%emt 0:02:31]} 16. Rad1 {[%emt 0:01:34]} Bf7 {[%emt 0:05:15]} 17. f4 {[%emt 0:03:50]} Bb4 {[%emt 0:01:06]} 18. g4 {[%emt 0:02:19]} Bxc3 {[%emt 0:05:38]} 19. gxf5 {[%emt 0:04:07]} exf5 {[%emt 0:00:25]} 20. bxc3 {[%emt 0:01:09]} Qh4 {[%emt 0:00:48]} 21. d5 {[%emt 0:05:10]} fxe4 {[%emt 0:07:47]} 22. dxc6 {[%emt 0:02:14]} bxc6 {[%emt 0:00:17]} 23. Bxe4 {[%emt 0:01:11]} Bd5 {[%emt 0:01:12]} 24. Bxd5+ {[%emt 0:01:08]} cxd5 {[%emt 0:01:13]} 25. Qg2 {[%emt 0:03:11]} Rf7 {[%emt 0:00:47]} 26. Rf3 {[%emt 0:02:33]} Qh5 {[%emt 0:05:40]} 27. Rdf1 {[%emt 0:02:52]} Nd7 {[%emt 0:04:23]} 28. Bd4 {[%emt 0:05:33]} Nf6 {[%emt 0:01:49]} 29. Rg3 {[%emt 0:02:30]} Qf5 {[%emt 0:00:25]} 30. Bxf6 {[%emt 0:01:57]} Qxf6 {[%emt 0:00:12]} 31. Qxd5 {[%emt 0:00:11]} Qb6+ {[%emt 0:01:03]} 32. Rf2 {[%emt 0:05:01]} Rd8 {[%emt 0:07:09]} 33. Qxc4 {[%emt 0:00:28]} Rd2 {[%emt 0:00:14]} 34. Rgf3 {[%emt 0:00:51]} Qg6+ {[%emt 0:01:36]} 35. Kh1 {[%emt 0:01:27]} Qb1+ {[%emt 0:01:10]} 36. Kg2 {[%emt 0:00:16]} Qg6+ {[%emt 0:00:05]} 37. Kh1 {[%emt 0:01:14]} Qb1+ {[%emt 0:00:10]} 1/2-1/2

[Event "Asian Continental-ch Open 2019"]
[Site "XingTai"]
[Date "2019.06.14"]
[Round "8.13"]
[White "Xu, Xiangyu"]
[Black "Vignesh N R"]
[Result "1/2-1/2"]
[WhiteElo "2583"]
[BlackElo "2459"]
[Annotator "ChessBase"]
[PlyCount "64"]
[EventDate "2019.06.06"]
[EventType "swiss"]
[EventCountry "CHN"]
[SourceTitle "playchess.com"]
[Source "ChessBase"]
[SourceQuality "1"]
[TimeControl "40/5400+30:1800+30"]

1. d4 {[%emt 0:00:00]} Nf6 {[%emt 0:00:07]} 2. c4 {[%emt 0:00:00]} g6 {[%emt 0:00:28]} 3. Nc3 {[%emt 0:00:00]} Bg7 {[%emt 0:00:07]} 4. e4 {[%emt 0:00:00]} d6 {[%emt 0:00:06]} 5. Nf3 {[%emt 0:00:00]} O-O {[%emt 0:00:08]} 6. h3 {[%emt 0:00:00]} e5 {[%emt 0:06:46]} 7. d5 {[%emt 0:00:10]} a5 {[%emt 0:00:03]} 8. g4 {[%emt 0:02:24]} Na6 {[%emt 0:00:30]} 9. Be3 {[%emt 0:00:09]} Nd7 {[%emt 0:06:01]} 10. Rg1 {[%emt 0:09:26]} Ndc5 {[%emt 0:03:07]} 11. h4 {[%emt 0:00:44]} Kh8 {[%emt 0:03:27]} 12. g5 {[%emt 0:04:32]} f5 {[%emt 0:03:37]} 13. gxf6 {[%emt 0:01:21]} Qxf6 {[%emt 0:00:23]} 14. Be2 {[%emt 0:01:36]} Nb4 {[%emt 0:11:18]} 15. Rg3 {[%emt 0:11:05]} Bd7 {[%emt 0:00:13]} 16. Kf1 {[%emt 0:11:18]} Qe7 {[%emt 0:08:39]} 17. a3 {[%emt 0:03:11]} Nba6 {[%emt 0:00:46]} 18. Qc2 {[%emt 0:02:02]} a4 {[%emt 0:04:29]} 19. Kg2 {[%emt 0:00:15]} Bf6 {[%emt 0:07:22]} 20. Rh1 {[%emt 0:00:58]} Rg8 {[%emt 0:01:36]} 21. Bh6 {[%emt 0:09:48]} Nb3 {[%emt 0:02:21]} 22. Bd1 {[%emt 0:01:09]} Nac5 {[%emt 0:08:29]} 23. Qe2 {[%emt 0:00:56]} Bg7 {[%emt 0:06:42]} 24. Bg5 {[%emt 0:00:25]} Bf6 {[%emt 0:00:00]} 25. Qe3 {[%emt 0:00:39]} Nd4 {[%emt 0:06:03]} 26. Bh6 {[%emt 0:02:50]} Nxf3 {[%emt 0:03:02]} 27. Qxf3 {[%emt 0:03:03]} g5 {[%emt 0:02:24]} 28. hxg5 {[%emt 0:06:38]} Bxg5 {[%emt 0:00:01]} 29. Bxg5 {[%emt 0:03:35]} Rxg5 {[%emt 0:00:02]} 30. Qe3 {[%emt 0:00:16]} Rag8 {[%emt 0:00:36]} 31. Rh5 {[%emt 0:01:23]} Rxh5 {[%emt 0:04:06]} 32. Bxh5 {[%emt 0:00:07]} Rxg3+ {[%emt 0:01:49]} 1/2-1/2

[Event "Asian Continental-ch Open 2019"]
[Site "XingTai"]
[Date "2019.06.14"]
[Round "8.14"]
[White "Dai, Changren"]
[Black "Praggnanandhaa R"]
[Result "1-0"]
[WhiteElo "2480"]
[BlackElo "2537"]
[Annotator "ChessBase"]
[PlyCount "81"]
[EventDate "2019.06.06"]
[EventType "swiss"]
[EventCountry "CHN"]
[SourceTitle "playchess.com"]
[Source "ChessBase"]
[SourceQuality "1"]
[TimeControl "40/5400+30:1800+30"]

1. e4 {[%emt 0:00:00]} c5 {[%emt 0:00:00]} 2. Nf3 {[%emt 0:00:00]} Nc6 {[%emt 0:00:00]} 3. d4 {[%emt 0:00:02]} cxd4 {[%emt 0:00:02]} 4. Nxd4 {[%emt 0:00:06]} Nf6 {[%emt 0:00:04]} 5. Nc3 {[%emt 0:00:09]} d6 {[%emt 0:00:05]} 6. Bg5 {[%emt 0:00:51]} e6 {[%emt 0:00:06]} 7. Qd2 {[%emt 0:00:06]} a6 {[%emt 0:00:05]} 8. O-O-O {[%emt 0:00:27]} Be7 {[%emt 0:00:04]} 9. Bxf6 {[%emt 0:06:20]} gxf6 {[%emt 0:03:01]} 10. f4 {[%emt 0:00:41]} Nxd4 {[%emt 0:08:06]} 11. Qxd4 {[%emt 0:00:08]} Qa5 {[%emt 0:00:25]} 12. Be2 {[%emt 0:13:30]} Bd7 {[%emt 0:12:36]} 13. f5 {[%emt 0:04:01]} h5 {[%emt 0:03:04]} 14. Bf3 {[%emt 0:05:50]} Rc8 {[%emt 0:04:15]} 15. Kb1 {[%emt 0:02:09]} b5 {[%emt 0:16:46]} 16. fxe6 {[%emt 0:08:54]} fxe6 {[%emt 0:00:12]} 17. Ne2 {[%emt 0:12:40]} b4 {[%emt 0:04:24]} 18. Nf4 {[%emt 0:06:18]} Qg5 {[%emt 0:06:46]} 19. Qf2 {[%emt 0:04:36]} h4 {[%emt 0:04:45]} 20. h3 {[%emt 0:02:57]} Qc5 {[%emt 0:04:24]} 21. Qd2 {[%emt 0:01:47]} a5 {[%emt 0:03:52]} 22. Bg4 {[%emt 0:01:43]} Kf7 {[%emt 0:00:43]} 23. Rhf1 {[%emt 0:02:50]} Rc7 {[%emt 0:02:28]} 24. Nd3 {[%emt 0:05:39]} Qb5 {[%emt 0:01:02]} 25. Rf3 {[%emt 0:09:53]} a4 {[%emt 0:04:08]} 26. Nxb4 {[%emt 0:02:54]} Rc4 {[%emt 0:02:11]} 27. a3 {[%emt 0:00:17]} Rxe4 {[%emt 0:01:36]} 28. Rd3 {[%emt 0:03:33]} Qe5 {[%emt 0:08:52]} 29. Bf3 {[%emt 0:00:12]} Rc4 {[%emt 0:00:29]} 30. Re1 {[%emt 0:02:10]} Qa5 {[%emt 0:00:31]} 31. Qe2 {[%emt 0:00:57]} Bf8 {[%emt 0:05:14]} 32. Re3 {[%emt 0:01:00]} Rf4 {[%emt 0:01:40]} 33. Rxe6 {[%emt 0:00:41]} Bxe6 {[%emt 0:00:11]} 34. Qxe6+ {[%emt 0:00:03]} Kg7 {[%emt 0:00:06]} 35. Nd5 {[%emt 0:00:51]} Rf5 {[%emt 0:00:08]} 36. Re2 {[%emt 0:01:57]} Rhh5 {[%emt 0:00:51]} 37. Ne7 {[%emt 0:01:20]} Bxe7 {[%emt 0:00:32]} 38. Qxe7+ {[%emt 0:00:01]} Kh6 {[%emt 0:00:15]} 39. Qf8+ {[%emt 0:00:10]} Kg6 {[%emt 0:00:05]} 40. Qg8+ {[%emt 0:00:00]} Kh6 {[%emt 0:00:00]} 41. Re7 {[%emt 0:00:27]} 1-0

[Event "Asian Continental-ch Open 2019"]
[Site "XingTai"]
[Date "2019.06.14"]
[Round "8.15"]
[White "Akash G"]
[Black "Erigaisi Arjun"]
[Result "0-1"]
[WhiteElo "2404"]
[BlackElo "2526"]
[Annotator "ChessBase"]
[PlyCount "156"]
[EventDate "2019.06.06"]
[EventType "swiss"]
[EventCountry "CHN"]
[SourceTitle "playchess.com"]
[Source "ChessBase"]
[SourceQuality "1"]
[TimeControl "40/5400+30:1800+30"]

1. e4 {[%emt 0:01:56]} c5 {[%emt 0:00:00]} 2. Nf3 {[%emt 0:00:19]} d6 {[%emt 0:00:00]} 3. d4 {[%emt 0:00:06]} cxd4 {[%emt 0:00:00]} 4. Nxd4 {[%emt 0:00:06]} Nf6 {[%emt 0:00:04]} 5. Nc3 {[%emt 0:00:14]} a6 {[%emt 0:00:06]} 6. h3 {[%emt 0:00:36]} e5 {[%emt 0:00:10]} 7. Nde2 {[%emt 0:00:39]} h5 {[%emt 0:00:07]} 8. g3 {[%emt 0:00:44]} Be6 {[%emt 0:00:49]} 9. Bg2 {[%emt 0:00:42]} Nbd7 {[%emt 0:00:10]} 10. a4 {[%emt 0:00:43]} Rc8 {[%emt 0:01:03]} 11. Bg5 {[%emt 0:05:11]} Be7 {[%emt 0:04:41]} 12. O-O {[%emt 0:01:12]} Bc4 {[%emt 0:09:27]} 13. b3 {[%emt 0:05:29]} Bxe2 {[%emt 0:00:13]} 14. Nxe2 {[%emt 0:00:08]} b5 {[%emt 0:00:15]} 15. axb5 {[%emt 0:12:06]} axb5 {[%emt 0:00:12]} 16. Qd3 {[%emt 0:00:10]} Qb6 {[%emt 0:01:06]} 17. b4 {[%emt 0:03:00]} O-O {[%emt 0:05:49]} 18. c3 {[%emt 0:06:02]} Rc4 {[%emt 0:14:19]} 19. g4 {[%emt 0:10:31]} hxg4 {[%emt 0:08:28]} 20. hxg4 {[%emt 0:00:08]} Rfc8 {[%emt 0:03:59]} 21. Be3 {[%emt 0:10:28]} Qc6 {[%emt 0:04:39]} 22. f3 {[%emt 0:01:01]} d5 {[%emt 0:18:11]} 23. g5 {[%emt 0:05:48]} dxe4 {[%emt 0:01:10]} 24. fxe4 {[%emt 0:00:08]} Nh7 {[%emt 0:03:43]} 25. Ra7 {[%emt 0:10:43]} Rd8 {[%emt 0:00:49]} 26. g6 {[%emt 0:00:10]} fxg6 {[%emt 0:00:09]} 27. Qd5+ {[%emt 0:00:56]} Qxd5 {[%emt 0:00:08]} 28. exd5 {[%emt 0:00:03]} Bg5 {[%emt 0:00:48]} 29. Bxg5 {[%emt 0:05:55]} Nxg5 {[%emt 0:00:07]} 30. Rb7 {[%emt 0:00:25]} e4 {[%emt 0:04:46]} 31. Rxb5 {[%emt 0:04:29]} Ne5 {[%emt 0:00:18]} 32. Ra1 {[%emt 0:06:53]} Ngf3+ {[%emt 0:12:57]} 33. Kf2 {[%emt 0:00:16]} Rf8 {[%emt 0:00:48]} 34. Kg3 {[%emt 0:06:03]} e3 {[%emt 0:00:15]} 35. Nd4 {[%emt 0:02:07]} Rxd4 {[%emt 0:02:24]} 36. cxd4 {[%emt 0:00:34]} Nxd4 {[%emt 0:00:05]} 37. Rba5 {[%emt 0:01:30]} Ne2+ {[%emt 0:01:52]} 38. Kh3 {[%emt 0:00:38]} Rf5 {[%emt 0:01:04]} 39. Ra8+ {[%emt 0:00:40]} Kh7 {[%emt 0:00:11]} 40. Be4 {[%emt 0:00:00]} Rh5+ {[%emt 0:00:00]} 41. Kg2 {[%emt 0:03:01]} Rg5+ {[%emt 0:03:18]} 42. Kh2 {[%emt 0:05:11]} Ng4+ {[%emt 0:04:37]} 43. Kg2 {[%emt 0:00:28]} Ne5+ {[%emt 0:00:05]} 44. Kh2 {[%emt 0:00:05]} Rg3 {[%emt 0:01:24]} 45. Rf8 {[%emt 0:10:10]} Ng4+ {[%emt 0:04:39]} 46. Kh1 {[%emt 0:00:10]} Nf2+ {[%emt 0:00:15]} 47. Kh2 {[%emt 0:06:21]} Nxe4 {[%emt 0:04:52]} 48. d6 {[%emt 0:00:40]} Nxd6 {[%emt 0:01:47]} 49. Re1 {[%emt 0:01:42]} Rg4 {[%emt 0:00:20]} 50. Rxe2 {[%emt 0:00:55]} Nf5 {[%emt 0:00:08]} 51. Re8 {[%emt 0:02:55]} Rxb4 {[%emt 0:01:49]} 52. R8xe3 {[%emt 0:00:37]} Nxe3 {[%emt 0:00:07]} 53. Rxe3 {[%emt 0:00:03]} g5 {[%emt 0:00:16]} 54. Re6 {[%emt 0:00:21]} Rf4 {[%emt 0:00:19]} 55. Kg3 {[%emt 0:00:24]} Rf6 {[%emt 0:00:08]} 56. Re5 {[%emt 0:00:35]} Kg6 {[%emt 0:00:09]} 57. Ra5 {[%emt 0:00:05]} Rb6 {[%emt 0:00:08]} 58. Ra7 {[%emt 0:00:23]} Rf6 {[%emt 0:01:06]} 59. Rb7 {[%emt 0:00:34]} Rf7 {[%emt 0:00:12]} 60. Rb3 {[%emt 0:01:09]} Kh5 {[%emt 0:01:07]} 61. Ra3 {[%emt 0:00:08]} g6 {[%emt 0:00:58]} 62. Ra8 {[%emt 0:00:42]} g4 {[%emt 0:00:07]} 63. Rb8 {[%emt 0:02:07]} Rf3+ {[%emt 0:00:20]} 64. Kg2 {[%emt 0:00:05]} Kh4 {[%emt 0:00:17]} 65. Rh8+ {[%emt 0:00:10]} Kg5 {[%emt 0:00:05]} 66. Ra8 {[%emt 0:00:26]} Re3 {[%emt 0:00:45]} 67. Ra2 {[%emt 0:00:40]} Kh4 {[%emt 0:00:54]} 68. Rb2 {[%emt 0:00:30]} Re4 {[%emt 0:00:26]} 69. Ra2 {[%emt 0:00:31]} g5 {[%emt 0:00:20]} 70. Rb2 {[%emt 0:00:36]} g3 {[%emt 0:00:09]} 71. Ra2 {[%emt 0:00:47]} Rf4 {[%emt 0:00:23]} 72. Ra1 {[%emt 0:00:55]} Rf2+ {[%emt 0:00:09]} 73. Kg1 {[%emt 0:00:13]} Rb2 {[%emt 0:00:08]} 74. Rc1 {[%emt 0:00:49]} Kh3 {[%emt 0:00:11]} 75. Ra1 {[%emt 0:01:09]} g4 {[%emt 0:00:23]} 76. Rc1 {[%emt 0:00:16]} Rb3 {[%emt 0:00:05]} 77. Kh1 {[%emt 0:03:05]} g2+ {[%emt 0:00:10]} 78. Kg1 {[%emt 0:00:05]} Rf3 {[%emt 0:00:04]} 0-1

[Event "Asian Continental-ch Open 2019"]
[Site "XingTai"]
[Date "2019.06.14"]
[Round "8.16"]
[White "Karthik Venkataraman"]
[Black "Xu, Yi"]
[Result "1/2-1/2"]
[WhiteElo "2499"]
[BlackElo "2526"]
[Annotator "ChessBase"]
[PlyCount "65"]
[EventDate "2019.06.06"]
[EventType "swiss"]
[EventCountry "CHN"]
[SourceTitle "playchess.com"]
[Source "ChessBase"]
[SourceQuality "1"]
[TimeControl "40/5400+30:1800+30"]

1. d4 {[%emt 0:00:00]} Nf6 {[%emt 0:00:00]} 2. c4 {[%emt 0:00:00]} e6 {[%emt 0:00:00]} 3. Nf3 {[%emt 0:00:00]} d5 {[%emt 0:00:00]} 4. Nc3 {[%emt 0:00:00]} Bb4 {[%emt 0:00:00]} 5. g3 {[%emt 0:00:34]} dxc4 {[%emt 0:00:27]} 6. Bg2 {[%emt 0:00:07]} O-O {[%emt 0:00:06]} 7. O-O {[%emt 0:00:07]} Nc6 {[%emt 0:00:37]} 8. Qa4 {[%emt 0:00:06]} Bd7 {[%emt 0:02:26]} 9. Ne5 {[%emt 0:01:49]} Bxc3 {[%emt 0:07:12]} 10. Nxd7 {[%emt 0:03:40]} Nxd7 {[%emt 0:03:34]} 11. bxc3 {[%emt 0:00:10]} Nb6 {[%emt 0:00:11]} 12. Qb5 {[%emt 0:10:12]} a6 {[%emt 0:07:21]} 13. Qc5 {[%emt 0:01:28]} Qd6 {[%emt 0:02:12]} 14. Qxd6 {[%emt 0:02:16]} cxd6 {[%emt 0:00:12]} 15. Rb1 {[%emt 0:00:08]} Nd5 {[%emt 0:10:54]} 16. Rxb7 {[%emt 0:10:05]} Rab8 {[%emt 0:00:43]} 17. Rxb8 {[%emt 0:04:10]} Rxb8 {[%emt 0:00:08]} 18. Ba3 {[%emt 0:01:08]} f5 {[%emt 0:01:25]} 19. Rc1 {[%emt 0:01:15]} Rb6 {[%emt 0:12:53]} 20. Bxd6 {[%emt 0:23:28]} Nxc3 {[%emt 0:06:34]} 21. Rxc3 {[%emt 0:00:06]} Nxd4 {[%emt 0:00:05]} 22. Rxc4 {[%emt 0:00:04]} Rxd6 {[%emt 0:00:14]} 23. e3 {[%emt 0:00:07]} Nb5 {[%emt 0:00:31]} 24. Bf3 {[%emt 0:01:39]} Rb6 {[%emt 0:04:55]} 25. a4 {[%emt 0:06:06]} Nd6 {[%emt 0:00:29]} 26. Rc7 {[%emt 0:00:07]} a5 {[%emt 0:07:50]} 27. Rc5 {[%emt 0:02:52]} Rb1+ {[%emt 0:07:57]} 28. Kg2 {[%emt 0:00:06]} Rb2 {[%emt 0:00:05]} 29. h3 {[%emt 0:16:19]} Kf7 {[%emt 0:10:11]} 30. g4 {[%emt 0:02:57]} Kf6 {[%emt 0:01:34]} 31. Kg3 {[%emt 0:00:08]} h5 {[%emt 0:01:18]} 32. gxh5 {[%emt 0:02:01]} f4+ {[%emt 0:02:46]} 33. exf4 {[%emt 0:05:24]} 1/2-1/2